Design of landfills and integrated solid waste management
Guardat en:
| Autor principal: | |
|---|---|
| Format: | Llibre |
| Idioma: | anglès |
| Publicat: |
Hoboken
John Wiley
2004
|
| Edició: | 3a. ed |
| Matèries: | |
| Etiquetes: |
Afegir etiqueta
Sense etiquetes, Sigues el primer a etiquetar aquest registre!
|
MARC
| LEADER | 00000cam a2200000 a 4500 | ||
|---|---|---|---|
| 001 | UCI2328 | ||
| 003 | CL-VaPUC | ||
| 008 | 070817e20040000us |||||||||||||||||eng|d | ||
| 020 | |a 0471254991 | ||
| 082 | 0 | 4 | |a 628.44564 |b BAG |2 21 |
| 100 | 0 | |a Bagchi, Amalendu |e author |9 523295 | |
| 245 | 1 | 0 | |a Design of landfills and integrated solid waste management |
| 250 | |a 3a. ed | ||
| 300 | |a 696 p | ||
| 942 | |c BK | ||
| 945 | |d 20070817 00:00:00 |a rbrito | ||
| 260 | |a Hoboken |b John Wiley |c 2004 | ||
| 650 | 7 | |a RELENOS SANITARIOS |2 CL-VaPUC |9 523296 | |
| 650 | 0 | |a Tratamiento de residuos |9 262890 | |
| 650 | 7 | |a RESIDUOS DOMESTICOS |2 CL-VaPUC |9 363990 | |
| 650 | 7 | |a BIODEGRADACION |2 CL-VaPUC |9 323969 | |
| 650 | 0 | |a Filtración |9 323900 | |
| 650 | 7 | |a SERVICIOS DE SANEAMIENTO |2 CL-VaPUC |9 361367 | |
| 650 | 0 | |a Tecnología ambiental |9 340312 | |
| 650 | 7 | |a RECICLADO DE RESIDUOS |2 CL-VaPUC |9 362341 | |
| 650 | 7 | |a CONTAMINACION |2 CL-VaPUC |9 258139 | |
| 650 | 7 | |a CONTROL DE LA CONTAMINACION |2 CL-VaPUC |9 338077 | |
| 650 | 7 | |a ELIMINACION DE RESIDUOS |2 CL-VaPUC |9 332226 | |
| 999 | |c 326933 |d 326931 | ||
| 583 | |k Rodrigo Vera | ||
| 952 | |0 0 |1 1 |2 ddc |3 erd |4 0 |6 628_445640000000000_BAG_2004 |7 0 |8 A |9 409196 |a BIBING |b BIBING |i 5252202 |l 1 |o 628.44564 BAG 2004 |p 5252202 |r 2022-06-10 |s 2020-07-27 |w 2019-11-22 |y BK |z Catalogado en:20151120 |k CCL | ||